banner-ar

الاساسات : (Record no. 59759)

MARC details
000 -الفاتح
حقل البيانات ثابتة الطول 00610nam a22001577a 4500
005 - وقت وتاريخ اخر تعامل مع التسجيلة
رقم الضبط 20240530110334.0
008 - عناصر البيانات ثابتة الطول - معلومات عامة
حقل البيانات ثابتة الطول 140826s1986 ua aeg 000 0 ara d
040 ## - مصدر الفهرسة
وكالة الفهرسة الأصلية EG-CaGPL
082 04 - رقم تصنيف ديوى العشرى
رقم الطبعة 21
رقم التصنيف 624.16
رقم المادة أ أ
100 0# - المدخل الرئيسى - إسم شخصى
الإسم الشخصى اسامة مصطفى الشافعى
245 12 - بيان العنوان
العنوان الاساسات :
بقية العنوان تجهيز الموقع - الاساسات العتيقة - ترميم الاساسات /
بيان المسئوليه,etc اسامة مصطفى الشافعى
رقم الجزء/قسم العمل الجزء الثانى
260 ## - PUBLICATION, DISTRIBUTION, ETC. (IMPRINT)
تاريخ النشر أو التوزيع 1986
300 ## - الوصف المادى
التعداد 336 ص ؛
أبعاد الوعاء 24 سم
650 ## - المدخل الاضافى بالموضوع-مصطلح موضوعى
مصدر الرأس أو المصطلح الاساسات
942 ## - عناصر المدخل الإضافي( كوها)
مصدر التصنيف او مخطط الترفيف Dewey Decimal Classification
Koha [default] item type كتاب
260 ## - PUBLICATION, DISTRIBUTION, ETC. (IMPRINT)
-- القاهرة :
-- دار الراتب الجامعية ،
Holdings
حالة التراجع حالة الفقد حالة تلف ليس للاعارة المكان المؤقت الموقع الحالى تاريخ الاكتساب اجمالي اﻻعارات رقم الطلب الباركود تاريخ اخر مشاهدة تاريخ تفعيل السعر نوع وعاء كوها
        مكتبة القاهرة الكبرى مكتبة القاهرة الكبرى 08/26/2014   624.16 /أ أ 158679 08/26/2014 08/26/2014 كتاب

Powered By

EGPV